| 000 | 00856nab a2200241 4500 | ||
|---|---|---|---|
| 003 | BR-BrBNA | ||
| 005 | 20240926125016.0 | ||
| 008 | 240925b bl.||||| |||| 00| 0 por d | ||
| 040 |
_aBR-BrBNA _bpor |
||
| 072 | _aA50 ; F30 ; L10 | ||
| 110 | _aTerranova Gráfica e Editora Jornalística Ltda., Palmas, TO (Brasil) | ||
| 245 | _aOs transgênicos, segundo a Embrapa | ||
| 500 | _a1 illus. | ||
| 650 | _aINSTITUIÇÃO DE PESQUISA | ||
| 650 | _aPESQUISA AGRÍCOLA | ||
| 650 | _aPESQUISA PECUÁRIA | ||
| 650 | _aTRANSGENIA | ||
| 650 | _aBIOSSEGURANÇA | ||
| 650 | _aAVALIAÇÃO DE RISCO | ||
| 773 | 0 |
_04604 _9317176 _dPalmas - Tocantins Terranova Gráfica e Editora Jornalística Ltda 2005 _o2024-3801 _tCerrado Rural Agronegócios (Brazil) _x1980-2595 _gv. 2(5) p. 5; (Dec 2004-Jan 2005) _wBR2024002735 |
|
| 942 | _cANA | ||
| 999 |
_c327820 _d327820 |
||